<?xml version="1.0" encoding="UTF-8"?>
<record
    xmlns:xsi="http://www.w3.org/2001/XMLSchema-instance"
    xsi:schemaLocation="http://www.loc.gov/MARC21/slim http://www.loc.gov/standards/marcxml/schema/MARC21slim.xsd"
    xmlns="http://www.loc.gov/MARC21/slim">

  <leader>     nam a22     7a 4500</leader>
  <datafield tag="999" ind1=" " ind2=" ">
    <subfield code="c">49573</subfield>
    <subfield code="d">49573</subfield>
  </datafield>
  <controlfield tag="003">OSt</controlfield>
  <controlfield tag="005">20200128133143.0</controlfield>
  <controlfield tag="008">200128b        xxu||||| |||| 00| 0 eng d</controlfield>
  <datafield tag="040" ind1=" " ind2=" ">
    <subfield code="c">IIMT COLLEGE OF ENGINEERING,GREATER NOIDA</subfield>
  </datafield>
  <datafield tag="100" ind1=" " ind2=" ">
    <subfield code="a">DAVIES,JOHN H.</subfield>
  </datafield>
  <datafield tag="245" ind1=" " ind2=" ">
    <subfield code="a">MSP430 MICROCONTROLLER BASICS</subfield>
  </datafield>
  <datafield tag="260" ind1=" " ind2=" ">
    <subfield code="a">NEW DELHI</subfield>
    <subfield code="b">ELESEVIER </subfield>
    <subfield code="c">2019</subfield>
  </datafield>
  <datafield tag="300" ind1=" " ind2=" ">
    <subfield code="a">668</subfield>
  </datafield>
  <datafield tag="942" ind1=" " ind2=" ">
    <subfield code="2">ddc</subfield>
    <subfield code="c">02</subfield>
  </datafield>
  <datafield tag="952" ind1=" " ind2=" ">
    <subfield code="0">0</subfield>
    <subfield code="1">0</subfield>
    <subfield code="2">ddc</subfield>
    <subfield code="4">0</subfield>
    <subfield code="7">0</subfield>
    <subfield code="a">08</subfield>
    <subfield code="b">08</subfield>
    <subfield code="d">2020-01-28</subfield>
    <subfield code="e">ARISTA PUBLISHERS NEW DELHI</subfield>
    <subfield code="g">625.00</subfield>
    <subfield code="i">IN-242,20/01/2020</subfield>
    <subfield code="l">0</subfield>
    <subfield code="p">08-B-45578</subfield>
    <subfield code="r">2020-01-28</subfield>
    <subfield code="w">2020-01-28</subfield>
    <subfield code="y">02</subfield>
  </datafield>
  <datafield tag="952" ind1=" " ind2=" ">
    <subfield code="0">0</subfield>
    <subfield code="1">0</subfield>
    <subfield code="2">ddc</subfield>
    <subfield code="4">0</subfield>
    <subfield code="7">0</subfield>
    <subfield code="a">08</subfield>
    <subfield code="b">08</subfield>
    <subfield code="d">2020-01-28</subfield>
    <subfield code="e">ARISTA PUBLISHERS NEW DELHI</subfield>
    <subfield code="g">625.00</subfield>
    <subfield code="i">IN-242,20/01/2020</subfield>
    <subfield code="l">0</subfield>
    <subfield code="p">08-B-45579</subfield>
    <subfield code="r">2021-09-30</subfield>
    <subfield code="w">2020-01-28</subfield>
    <subfield code="y">02</subfield>
  </datafield>
  <datafield tag="952" ind1=" " ind2=" ">
    <subfield code="0">0</subfield>
    <subfield code="1">0</subfield>
    <subfield code="2">ddc</subfield>
    <subfield code="4">0</subfield>
    <subfield code="7">0</subfield>
    <subfield code="a">08</subfield>
    <subfield code="b">08</subfield>
    <subfield code="d">2020-01-28</subfield>
    <subfield code="e">ARISTA PUBLISHERS NEW DELHI</subfield>
    <subfield code="g">625.00</subfield>
    <subfield code="i">IN-242,20/01/2020</subfield>
    <subfield code="l">1</subfield>
    <subfield code="p">08-B-45580</subfield>
    <subfield code="r">2025-03-06</subfield>
    <subfield code="s">2025-02-18</subfield>
    <subfield code="w">2020-01-28</subfield>
    <subfield code="y">02</subfield>
  </datafield>
  <datafield tag="952" ind1=" " ind2=" ">
    <subfield code="0">0</subfield>
    <subfield code="1">0</subfield>
    <subfield code="2">ddc</subfield>
    <subfield code="4">0</subfield>
    <subfield code="7">0</subfield>
    <subfield code="a">08</subfield>
    <subfield code="b">08</subfield>
    <subfield code="d">2020-01-28</subfield>
    <subfield code="e">ARISTA PUBLISHERS NEW DELHI</subfield>
    <subfield code="g">625.00</subfield>
    <subfield code="i">IN-242,20/01/2020</subfield>
    <subfield code="l">2</subfield>
    <subfield code="p">08-B-45581</subfield>
    <subfield code="r">2021-10-11</subfield>
    <subfield code="s">2021-04-12</subfield>
    <subfield code="w">2020-01-28</subfield>
    <subfield code="y">02</subfield>
  </datafield>
  <datafield tag="952" ind1=" " ind2=" ">
    <subfield code="0">0</subfield>
    <subfield code="1">0</subfield>
    <subfield code="2">ddc</subfield>
    <subfield code="4">0</subfield>
    <subfield code="7">0</subfield>
    <subfield code="a">08</subfield>
    <subfield code="b">08</subfield>
    <subfield code="d">2020-01-28</subfield>
    <subfield code="e">ARISTA PUBLISHERS NEW DELHI</subfield>
    <subfield code="g">625.00</subfield>
    <subfield code="i">IN-242,20/01/2020</subfield>
    <subfield code="l">0</subfield>
    <subfield code="p">08-B-45582</subfield>
    <subfield code="r">2020-01-28</subfield>
    <subfield code="w">2020-01-28</subfield>
    <subfield code="y">02</subfield>
  </datafield>
</record>
